00530 2200205 4500001002100000005001500021035002000036007000300056008004100059020001500100082001000115084001600125100002100141245005000162250001100212260003700223300003100260650001700291990001600308INLIS00000000000411920190926085730 a0010-0919000049ta190926 g 1 ind  a9793036303 a2x7.2 a2x7.2 PRO h0 aProf. dr. nashir1 aHanya Islam Bukan Wahhabi /cProf. Dr. Nashir aCet. 1 aJAKARTA :bPT Darul Falah,c2006 avi, 554hlm ;c15,5 x 24 cm 4aDakwah Islam a1024615906a